00550nam a2200169 a 450000500170000000800410001702000180005805000220007610000180009824500400011626000320015630000090018844000240019765000210022199900190024295201190026120140412111429.0090226s19uu xx 00 eng d a0-439-59431-6 aTR(PS EbIm1 2003 aPackard, Mary aI'm a fire fighter /cMary Packard. aU.S.A :bScholastic,c2003. aunp. aScholastic reader 1 aStories in rhyme c106317d106317 00104050aELbELcTRd2009-02-26eGiftg125.00l0oTR(PS E Im1 2003pE11577r2014-04-12 00:00:00w2014-04-12yBK